Quizzes
Events
Quiz Creation
Community
Videos
Private Events
Remove Ads
Sign In
Join for FREE
Feedback
Dark Mode
Quiz Categories
Sports
Geography
Music
Movies
Television
Just For Fun
Miscellaneous
History
Literature
Language
Science
Gaming
Entertainment
Religion
Holiday
For Kids
Quiz Lab
Recent
Popular Today
Quiz Kudos Today
Editor Picks
Curator Picks
Quizzes by...
Day
Popularity
Type
Ratings
Length
Year
Community
Subscriptions
Recent Discussions
Orange Saloon
Badges
Playlists
Quests
Create
Leaderboards
Showdown
Live 5
Trivia Bingo
Activity
Puzzle Library
Sporcle Events
Private Events
Virtual Trivia
Globe League
Become a Host
Pub Owners
SporcleCon
Opinionation
Our Games
Videos
Blog
Mobile Apps
Partnerships
Remove Ads and Go Orange
Feedback
Music
Pop Music
The Beatles
Song
Album
Lyrics
Bands
Singers
Artist
Clip
Rock
Rap
Classical
Billboard
Country Music
Kpop
Taylor Swift
Music
Pop Music
The Beatles
Song
Album
Lyrics
Bands
Singers
Artist
Clip
Rock
Rap
Classical
Billboard
Country Music
Kpop
Taylor Swift
Random Quiz
Search Sporcle
×
Quiz Lab
Quiz Lab
Music
Lyrics
Type in answers that appear in a list
Type in answers that appear in a list
Classic
Best Score? Go Orange.
Semi Charmed Life Lyrics Stats
Can you name the Semi Charmed Life Lyrics?
By
PsychoBeast
10m
52 Questions
456 Plays
456 Plays
456 Plays
Comments
Comments
Give Quiz Kudos
Give Quiz Kudos
-
- Ratings
hide this ad
Replay
Link that replays current quiz
Next Quiz
Link to next quiz in quiz playlist
You Got
0%
They Got
Avg Score
57%
Avg Friend Score
Upgrade to see
Score Distribution
Jump to the score distribution portion of the page
Score
0/52
Timer
10:00
0
Plays Today
Hint
Line
% Correct
I'm packed and
I'm holding
83.6%
She said
I want something else
81.8%
Baby, baby,
I want something else
81.8%
Life, baby, baby
I want something else
81.8%
I'm not listening when you say
Goodbye
80.9%
Not listening when you say
Goodbye
80.9%
Do ever what you
want to do
79.2%
To get me through this
Semi-charmed kind of life
76.3%
How do I get myself back to the place where you said [Chorus]
75.4%
She comes around and
she goes down on me
73.2%
She's golden,
she lives for me
71.9%
She says
she lives for me
71.9%
And I make her smile, like a
drug for you
70%
Then I bumped again, then
I bumped again
68.6%
I'm smiling,
she's living
67.3%
And I wish I could get back there, some place
back there
67.1%
coming over you, keep on smiling what
we go through
65.1%
ovation, her
own motivation
63.8%
I believe in the
sand beneath my toes
63.4%
the place where I fell
asleep inside you
63.2%
I took the hit that
I was given
62.5%
Smiling in the pictures you would take
doing crystal meth
62.1%
Will lift you up
until you break
61.4%
You're the priestess
I must confess
60.7%
Come on like a
freak show takes the stage
59.9%
One stop
to the rhythm that divides you
59.6%
Hint
Line
% Correct
And I speak to you
like the chorus to the verse
59%
Those little red panties
they pass the test
59%
When I'm with you I feel like I could die and that
would be all right
58.1%
The sky was gold
it was rose
57.9%
I was taking sips of it
through my nose
56.6%
Slides up around the belly
face down on the mattress
55.7%
I want something else
to get me through this
54.2%
those days you were wearing
that velvet dress
53.7%
But nothing is all right
all right
49.3%
The beach gives a feeling, an
earthy feeling
47.6%
She said
How do I get back there to
45.8%
All right, and when the plane came in, she
said she was crashing
44.3%
I feel myself heavy on the ground
I'm scared I'm not coming down
43.6%
It wont stop, I won't
come down
43.4%
On the urge to feel alive, but now
I'm struggling to survive
43%
A bump for the drop and
then I bumped up
41.7%
One, and
you hold me
41.4%
and we're
broken
41.2%
I keep stock with the
tick tock rhythm
40.4%
We give them the
games we play
39.9%
Chop another line
like a coda with a curse
38.8%
I believe in the faith that grows, and the
four right chords can make me cry
34.2%
She's got her jaws now
locked down in a smile
32%
Still it's all that I want to do, just a
little now
30.7%
No no, and I won't
run for my life
29.4%
The velvet, it rips in the city,
we tripped
20.2%
Quiz Playlist
Details
Report
Send in Message
Add To Playlist
Classic:
Type in answers that appear in a list
Last Updated: Feb 16, 2017
Quiz Scoreboard
CHALLENGE
Sign Up to Join the Scoreboard
Show All
Scores
Hide
Comments
May contain spoilers
Recently Published
9x9 Crossword: Cartoon Network
by jackfrog10
Miscellaneous
3m
College Basketball Coaching Resumes
by pancakes188
Sports
9m
Billboard Blitz: Fleetwood Mac
by CooCooCachoo
Music
15s
More to Explore
Quiz From the Vault
Featured Blog Post
Where Did the Easter Bunny Come From?
hide this ad
You Might Also Like...
Tags
Lyrics Quiz
Song Quiz
Charmed
life
Today's Top Quizzes in Music
Browse Music
hide this ad
Today's Top Quizzes in Lyrics
Browse Lyrics
Top Contributed Quizzes in Music
1
Taylor Swift All Songs (2024)
2
Guess the Artist- 70s Songs
3
7-to-1: Billboard Hot 100 #1 Hits of 2010s
4
Taylor Swift Logic Puzzle
5
Sorting Albums and Songs
6
KPOP LOGIC QUIZ
7
Guess the Taylor Swift song (Mystery Song)
8
Guess The Taylor Swift Lyrics Song #1
9
Billboard Blitz: ABBA
10
Billboard Blitz: The Beatles
Explore More
Trending Topics
Kpop
NBA
Disney
Marvel
Harry Potter
Crossword
Anime
Soccer
The Office
NFL
Song
Country
Puzzle
WWE
Pokémon
hide this ad
More By:
PsychoBeast
Quiz
Plays
Rating
Category
Featured
Created
Semi Charmed Life Lyrics
456
4.50
Music
Feb 20, 2010
Go to Creator's Profile
Score Distribution
Quiz Creator Spotlight
PsychoBeast
Follow
Send a Message
Quizzes Created
-
Created Quiz Play Count
-
More By This Creator
Popular Quizzes Today
1
Find the US States - No Outlines Minefield
2
Find the Countries of Europe - No Outlines Minefield
3
The Countries of the World
4
Find the US States
5
Risky Map Clicking: Biggest States A-Z
6
US States
7
Popular People in 1961
8
Movies - When Are They Set?
More Music Quizzes
Billboard’s Hot 100 Songs of the 2010s
Editor's Pick
Trending Quizzes
Risky Map Clicking: Least Populous States A-Z
1-10 Letter G Words
Risky Map Clicking: Next State Alphabetically
Adjectives in 80s TV Shows
Risky Map Clicking: Biggest States A-Z
Recently Updated
Leaping Animals
pecheneg
Reality TV Shows (A-Z)
bhenderson79
Rickey Henderson's Hall of Fame Teammates
pecheneg
Champions League XIs: Arsenal
pecheneg
Quick Pick: Celebrities in WWE's Hall of Fame
aduchscher
A-Z Keypad Blitz II
pecheneg
Multiple Oscar Actors
pecheneg
Mystery Phrase Blitz: Oscar 'Best Actors'
pecheneg
F. Scott Fitzgerald Novels
LTH
Pick 3 Villains
ddd62291
Trending Topics
NBA
Crossword
Anime
Marvel
Disney
Kpop
Harry Potter
Country
Puzzle
WWE
Soccer
The Office
NFL
Pokémon
Song
Your Account Isn't Verified!
In order to create a playlist on Sporcle, you need to verify the email address you used during registration. Go to your
Sporcle Settings
to finish the process.
Report this User
Report this user for behavior that violates our
Community Guidelines
.
Details:
Send Report
Go to the Sporcle.com Mobile Site →
Comments